000150199 001__ 150199
000150199 005__ 20251017144638.0
000150199 0248_ $$2sideral$$a142453
000150199 037__ $$aART-2011-142453
000150199 041__ $$aspa
000150199 100__ $$aPallarés Jiménez, Miguel Ángel
000150199 245__ $$aLos condes de Ribagorza y la consolidación del regadío en Cabañas de Ebro: el contrato de Juan Montañés, uno de los proyectistas de la acequia Imperial, en 1529
000150199 260__ $$c2011
000150199 5060_ $$aAccess copy available to the general public$$fUnrestricted
000150199 5203_ $$aEl auge económico del Reino de Aragón en el siglo XVI no fueron ajenas dos circunstancias de carácter agrario: el aumento de las roturaciones y la extensión de los regadíos. En este contexto, la nobleza del país, como propietaria de grandes dominios territoriales, puso en práctica ambas estrategias. Un claro ejemplo es lo sucedido en el condado de Ribagorza, donde se colonizaron nuevas tierras, se vigilaron los derechos sobre el agua y se procuró mejorar la red de acequias. En el caso que nos ocupa, fue reparado en 1529 el sistema de riegos de la localidad de Cabañas de Ebro, uno de sus señoríos, para lo que fue contratado nada menos que uno de los proyectistas de la acequia Imperial, el maestro Juan Montañés..
000150199 540__ $$9info:eu-repo/semantics/openAccess$$aby$$uhttps://creativecommons.org/licenses/by/4.0/deed.es
000150199 655_4 $$ainfo:eu-repo/semantics/article$$vinfo:eu-repo/semantics/publishedVersion
000150199 773__ $$g121 (2011), 51-80$$pArgensola$$tArgensola$$x0518-4088
000150199 8564_ $$s200853$$uhttps://zaguan.unizar.es/record/150199/files/texto_completo.pdf$$yVersión publicada
000150199 8564_ $$s988780$$uhttps://zaguan.unizar.es/record/150199/files/texto_completo.jpg?subformat=icon$$xicon$$yVersión publicada
000150199 909CO $$ooai:zaguan.unizar.es:150199$$particulos$$pdriver
000150199 951__ $$a2025-10-17-14:30:41
000150199 980__ $$aARTICLE